|
|
|
|
| LEADER |
00000nam a22000007a 4500 |
| 003 |
Ucuenca |
| 005 |
20231116115237.0 |
| 008 |
180201b2014 mx ||||| |||| 00| 0 spa d |
| 040 |
|
|
|b spa
|
| 041 |
0 |
|
|a spa
|
| 082 |
0 |
|
|a 636.8
|
| 100 |
1 |
|
|a Heredia, Jesús Marín
|9 220284
|
| 245 |
|
|
|a Enfermedades Zoonóticas en el gato
|c Jesús Marín Heredia, Gabriela Gpe. Pérez Vertti Robles, editor Isidro Castro Mendoza y otros
|h imp
|
| 264 |
|
|
|a Benito Juárez
|b Centro de estudios avanzados en medicina veterinaria
|c 2014
|
| 300 |
|
|
|a 165 páginas:
|b ilu
|c 21 cm
|
| 505 |
0 |
|
|a Zoonosis parasitarias -- Zoonosis bacterianas -- Zoonosis micóticas -- Zoonosis virales
|
| 650 |
|
|
|9 70759
|a Gatos
|
| 650 |
|
0 |
|a Enfermedadesde los neonatos
|9 188465
|
| 650 |
|
4 |
|a México
|9 1317
|
| 700 |
1 |
|
|a Pérez Vertti Robles, Gabriela Gpe. Pérez Vertti Robles
|9 220285
|
| 700 |
1 |
|
|a Castro Mendoza, Isidro.
|e editor
|9 188549
|
| 942 |
|
|
|2 ddc
|c MU
|z denisse.artiles@ucuenca.edu.ec
|
| 999 |
|
|
|c 153771
|d 153771
|